LEADER 01132nam a2200241 i 4500 001 000000245071 003 CaOOAMICUS 005 20150917000000.0 008 150917s1961 xx u000 u lat u 013 $a223976 040 $aSeMil$bita 100 1 $aTruhlar, Karel Vladimir,$c.$0(OLS)http://semarc/name/941 245 10$aLabor christianus :$binitiatio in theologiam spiritualem systematicam de labore /$cauctore Carolo Vladimiro Truhlar. 260 $aRomae ; Friburgi Brisg. ; Barcinone :$bHerder,$c1961. 300 $a173 p. ;$c25 cm. 500 $aContiene : Bibliographia (praesertim pro tempore 1950-1960). - Fondo card. Giovanni Colombo. 650 4$aTeologia del lavoro.$0(OLS)http://semarc/subject/6549 850 $aSeMil 852 $aSeMil$W1$xVenegono$y1$m3GC V 273$j195417$B195417$CSeMilBibl$Z2$F206091 $8B 941 1 $a3 961 $aLascito: Colombo Card. Giovanni 996 $6245$aLabor christianus :$binitiatio in theologiam spiritualem systematicam de labore$9(OLS)http://semarc/title/93674 996 $6260$aRomae ; Friburgi Brisg. ; Barcinone :$bHerder$9(OLS)http://semarc/publisher/31855 LEADER 01124nam a2200289 i 4500 001 000000112922 003 CaOOAMICUS 005 20250509152738.0 008 030307s2001 it u000 u ita u 013 $a85606 020 $a88-17-86883-3 040 $aSeMil$bita 100 1 $aBiagi, Enzo,$d<1920-2007>.$0(OLS)http://semarc/name/5222 245 13$aUn giorno ancora /$cEnzo Biagi. 260 $aMilano :$bRizzoli,$c2001. 260 $aRoma :$bRAI-ERI,$c2001. 300 $a178 p. ;$c23 cm. 650 4$aGiornalismo - Diari e memorie.$0(OLS)http://semarc/subject/20393 850 $aSeMil 852 $aSeMil$W1$xVenegono$y1$m3M III 364$j256709$B68639$CSeMilBibl$Z2$F96986 $81 941 1 $a4 961 $aOmaggio: Martini Card. Carlo Maria. -- Con dedica autografa dell'autore (Enzo Biagi) al card. Martini 996 $6020$a88-17-86883-3$9(OLS)http://semarc/number/95652 996 $6245$aUn giorno ancora$9(OLS)http://semarc/title/164730 996 $6260$aRoma :$bRAI-ERI$9(OLS)http://semarc/publisher/34013 996 $6260$aMilano :$bRizzoli$9(OLS)http://semarc/publisher/29824 LEADER 00918nam a2200241 i 4500 001 000000121853 003 CaOOAMICUS 005 20040114000000.0 008 040114s1999 it u000 u ita u 013 $a94548 040 $aSeMil$bita 100 1 $aColagiovanni, Michele.$0(OLS)http://semarc/name/18093 245 10$aPellegrinaggio nei Giubilei /$cMichele Colagiovanni. 260 $aRoma :$b[s.n.],$cstampa 1999. 300 $a183 p. ;$c21 cm. 500 $aContiene : illustrazioni d'epoca. 650 4$aGiubilei - Storia.$0(OLS)http://semarc/subject/362 650 4$aPellegrinaggi.$0(OLS)http://semarc/subject/9005 850 $aSeMil 852 $aSeMil$W1$xVenegono$y1$m3A II 18$j76899$B76899$CSeMilBibl$Z2$F87360 $81 961 $aLascito: Garavaglia Abramo 996 $6245$aPellegrinaggio nei Giubilei$9(OLS)http://semarc/title/179489 996 $6260$aRoma :$b[s.n.]$9(OLS)http://semarc/publisher/29738